Geography Quizhanger #11 - Statistics

General Stats
  • This quiz has been taken 214 times
  • The average score is 5 of 7
Answer Stats
Clue Answer % Correct
Capital of Pakistan (I)slamabad
99%
Traditional Irish province that contains all of Northern Ireland (U)lster
75%
Pre-euro currency of the Netherlands (G)uilder
60%
Country whose endonym is Hayastan (A)rmenia
58%
Capital of Aragon (Z)aragoza
57%
Country whose colonial name was the Trucial States (U)nited Arab Emirates
54%
WATERFALL Iguazu
52%
No matching quizzes found
Score Distribution
Percent of People with Each Score
Percentile by Number Answered
Your Score History
You have not taken this quiz